000 00316nam a2200085Ia 4500
008 180730s9999||||xx |||||||||||||| ||und||
082 _a791.433
245 0 _a(i) History of Animation and Drawing Basics, (iii) Color Study and Bachground Development, (iv) Classical Animation, (v) Digital Art/1 (SEMESTER/1)
942 _aBK
999 _c2108
_d2108